| 000 | 00517nam a22001697a 4500 | ||
|---|---|---|---|
| 005 | 20251108172858.0 | ||
| 008 | 250721s2004 xx 000 0 ara d | ||
| 082 | 1 | 4 | _aم/347.003/طلب |
| 100 | 1 | _aطلبه، انور | |
| 245 | 1 | 0 | _aالمطول في شرح القانون المدني / |
| 264 | 1 |
_aالاسكندريه : _bالمكتب الجامعي الحديث، _c2004. |
|
| 300 | _a14ج | ||
| 650 | 1 | 7 | _aالموسوعات |
| 650 | 1 | 7 | _aالقانون المدني |
| 942 |
_2ddc _cREF |
||
| 999 |
_c90764 _d90764 |
||